01239cam a22003135i 450000100090000000300090000900500170001800800410003502000310007604000430010708200190015024501480016926400390031726400100035630000440036633600260041033700280043633800270046449000530049150400520054465000480059665000360064465300210068065500170070170000330071894200120075199900170076395201450078017809272EG-ScBUE20250812091632.0130712t2013 nyua f b 001 0 eng d a9781627035644 (alk. paper) aEG-ScBUEbengerdacEG-ScBUEdEG-ScBUE04a543.4222bDNA00aDNA electrophoresis :bmethods and protocols /cedited by Svetlana Makovets, Institute of Cell Biology, University of Edinburgh, Edinburgh, UK. 1aNew York : bHumana Press,c[2013] 4cc2013 ax, 299 pages :billustrations ;c28 cm. 2rdacontentatextbtxt aunmediated2rdamediabn avolumebnc2rdacarrier0 aMethods in Molecular Biology,x1064-3745 ;v1054 aIncludes bibliographical references and index.  7aElectrophoresisvLaboratory manuals.2BUEsh 7aDNAvLaboratory manuals.2BUEsh bPPhrmcMarch2016 vReading book1 aMakovets, Svetlana,eeditor. 2ddccBB c21420d21392 00102ddc40708ScientificaMAINbMAINc1STd2016-03-15ePurchaseg1140.00h1l0o543.4 DNAp000032049r2025-07-15 00:00:00w2016-03-15yBB